000 00360nam a2200121Ia 4500
008 191014s9999 xx 000 0 und d
082 _a541.345
_bEVA
100 _aD.Fennell Evans Hakan Wennerstrom
_923715
245 4 _aThe Colloidal Domain Where Physics Chemistry Biology and Technology Meet
260 _aUSA
_bVCH
_c1994
300 _aXxxi,515
942 _cBK
999 _c531208
_d531208